| 000 | 00375 a2200157 4500 | ||
|---|---|---|---|
| 001 | 150693 | ||
| 040 | _cEscola São Tomás de Aquino | ||
| 100 | _aRODRIGUES FILHO, Edison | ||
| 240 | 1 | 0 |
_aO segredo da longevidade _lpor |
| 245 | 1 | 0 | _aO segredo da longevidade |
| 300 | _a96 | ||
| 362 | 0 | _a2006 | |
| 440 | 1 | _aMelhoramentos | |
| 697 | _aARTES E RECREAÇÃO | ||
| 942 | _cBK | ||
| 999 |
_c150693 _d150693 |
||